American Caesar : (Record no. 10053)
[ view plain ]
| 000 -LEADER | |
|---|---|
| fixed length control field | 00958cam a22002892 4500 |
| 001 - CONTROL NUMBER | |
| JCCL Control Number | 10053 |
| 003 - CONTROL NUMBER IDENTIFIER | |
| JCCL marc code | BD - JhCC |
| 005 - DATE AND TIME OF LATEST TRANSACTION | |
| control field | 20180404193550.0 |
| 008 - FIXED-LENGTH DATA ELEMENTS--GENERAL INFORMATION | |
| fixed length control field | 180404r19791978enkabcf 001 0beng d |
| 020 ## - INTERNATIONAL STANDARD BOOK NUMBER | |
| International Standard Book Number | 0091365007 |
| 035 ## - SYSTEM CONTROL NUMBER | |
| system control number | OCLC ocm16437528 from D970602M |
| -- | (BD - JhCC)10053 |
| 040 ## - CATALOGING SOURCE | |
| Original cataloging agency | UKM |
| Transcribing agency | UKM |
| Modifying agency | OCL |
| -- | EQO |
| -- | BD - JhCC |
| 041 ## - LANGUAGE CODE | |
| Language code of Book | eng |
| 050 1# - LIBRARY OF CONGRESS CALL NUMBER | |
| Classification number | E745.M3 |
| 082 0# - DEWEY DECIMAL CLASSIFICATION NUMBER | |
| Classification number | 355.3/31/0924 |
| DDC Edition number | 19 |
| Author mark and Year | MAN 1978 |
| 100 1# - MAIN ENTRY--PERSONAL NAME | |
| Personal name | Manchester, William, |
| Dates associated with a name | 1922-2004 |
| 245 10 - TITLE STATEMENT | |
| Title | American Caesar : |
| Remainder of title | Douglas MacArthur, 1880-1964 / |
| Statement of responsibility, etc | William Manchester. |
| 260 ## - PUBLICATION, DISTRIBUTION, ETC. (IMPRINT) | |
| Place of publication, distribution, etc | London : |
| Name of publisher, distributor, etc | Hutchinson, |
| Date of publication, distribution, etc | 1979. |
| 300 ## - PHYSICAL DESCRIPTION | |
| Pagination | xvii, 793 p., [8] p. of plates : |
| Other physical details | ill., maps (1 col.), ports. ; |
| Dimensions | 24 cm. |
| 500 ## - GENERAL NOTE | |
| General note | Text on lining papers. |
| 500 ## - GENERAL NOTE | |
| General note | Originally published: Boston, Mass. : Little, Brown, 1978. |
| 500 ## - GENERAL NOTE | |
| General note | Includes index. |
| 504 ## - BIBLIOGRAPHY, ETC. NOTE | |
| Bibliography, etc | Bibliography: p. 745-762. |
| 650 #0 - SUBJECT ADDED ENTRY--TOPICAL TERM | |
| Topical term or geographic name as entry element | Generals |
| Geographic subdivision | United States |
| Form subdivision | Biography. |
| 942 ## - ADDED ENTRY ELEMENTS (KOHA) | |
| Source of classification or shelving scheme | Dewey Decimal Classification |
| Koha item type | Reference |
| Source of classification or shelving scheme | Damaged status | Not for loan | Home library | Current library | Shelving location | Date of accession | Total Checkouts | Full call number | Barcode | Date last seen | Copy number | Koha item type |
|---|---|---|---|---|---|---|---|---|---|---|---|---|
| Dewey Decimal Classification | JCC Rouf Library | JCC Rouf Library | General Stacks | 04/04/2018 | 355.3/31/0924 MAN 1978 | 13374 | 04/04/2018 | C-1 | Reference |